00367nam a2200121Ia 4500008004100000100002000041245006700061500005400128650001300182650001500195650001300210700002200223180905s9999 xx 000 0 und d aOvey N.Mohammed 0a"Muslims - Christian Relations in India, Past Present, Future" aJournal of Henry Martyn Institute Jan - June 2003 aDialogue aInterfaith aRelation aSamson Lankeshwar